Anda berfikir?bagaimana?

Bibliographic Details
Main Author: Ainon Mohd
Other Authors: Abdullah Hassan
Format: Book
Published: Bentong : PTS Publications & Distributor Sdn. Bhd. , 2005
Series:Siri minda kreatif
Subjects:

MARC

LEADER 00000cam a2200000 7i4500
001 0000093473
005 20050811.0
020 |a 9833372368 
090 0 0 |a 153.42   |b AIN 
100 0 |a Ainon Mohd 
245 1 0 |a Anda berfikir?bagaimana?   |c Ainon Mohd., Abdullah Hassan 
260 |a Bentong :   |b PTS Publications & Distributor Sdn. Bhd. ,   |c 2005 
300 |a 296p. ;   |c 24cm. 
490 0 |a Siri minda kreatif 
650 0 0 |a Creative thinking 
650 0 0 |a Thought and thinking 
700 0 |a Abdullah Hassan 
999 |a 00184863   |b BUKU   |c PINJAMAN   |e PERPUSTAKAAN KOMUNITI PETALING JAYA 
999 |a 00185454   |b BUKU   |c PINJAMAN   |e PERPUSTAKAAN KOMUNITI PETALING JAYA 
999 |a 00229192   |b BUKU   |c PINJAMAN   |e PERPUSTAKAAN KOMUNITI PETALING JAYA